000 01022nam a22001697a 4500
999 _c61548
_d61548
005 20240322153023.0
008 240322c2014 ge ||||| |||| 00| 0 geo d
022 _a2298-0377
041 _ageo
245 _aაღმოსავლეთმცოდნეობა = Oriental Studies :
_b2014 /
_cივ.ჯავახიშვილის სახელობის თბილისის სახელმწიფო უნივერსიტეტი; ჰუმანიტარულ მეცნიერებათა ფაკულტეტის აღმოსავლეთმცოდნეობის ინსტიტუტი; რედაქტორი აპოლონ სილაგაძე.
260 _aთბილისი,
_c2014.
300 _aV.
653 _aაღმოსავლეთმცოდნეობა
653 _aპერიოდიკა
700 _aსილაგაძე, აპოლონ
_eრედაქტორი
_92412
942 _2udc
_cCR